Discursos morales y consideraciones familiares para todos los días del año (Record no. 8629)
[ view plain ]
| 000 -CABECERA | |
|---|---|
| campo de control de longitud fija | 01126nam a2200253 a 4500 |
| 001 - NÚMERO DE CONTROL | |
| campo de control | BRCA_8978 |
| 005 - FECHA Y HORA DE LA ÚLTIMA TRANSACCIÓN | |
| campo de control | 20190320210459.0 |
| 008 - DATOS DE LONGITUD FIJA--INFORMACIÓN GENERAL | |
| campo de control de longitud fija | 100717s1789----sp-#######---#000-0#spa-# |
| 041 ## - CÓDIGO DE LENGUA | |
| Código de lengua del texto/banda sonora o título independiente | spa |
| 044 ## - CÓDIGO DEL PAÍS DE LA ENTIDAD EDITORA/PRODUCTORA | |
| Código MARC del país | sp |
| 084 ## - OTRO NÚMERO DE CLASIFICACIÓN | |
| Número de clasificación | LE16 |
| Número de documento/Ítem | .C35 1789 |
| 100 1# - ENTRADA PRINCIPAL--NOMBRE DE PERSONA | |
| Nombre de persona | Calino, Cesar |
| Fechas asociadas al nombre | 1670-1749 |
| 9 (RLIN) | 22289 |
| 245 10 - MENCIÓN DE TÍTULO | |
| Título | Discursos morales y consideraciones familiares para todos los días del año |
| Mención de responsabilidad, etc. | compuestos en italiano por el P. Cesar Calino; y traducido al castellano por el P. D. Simon Lopez... |
| 260 ## - PUBLICACIÓN, DISTRIBUCIÓN, ETC. | |
| Lugar de publicación, distribución, etc. | Madrid |
| Nombre del editor, distribuidor, etc. | Por Don Joseph Doblado |
| Fecha de publicación, distribución, etc. | 1789 |
| 300 ## - DESCRIPCIÓN FÍSICA | |
| Extensión | 394 p. [8] (t.12) |
| Dimensiones | 21.7 x 15.5 cm |
| 500 ## - NOTA GENERAL | |
| Nota general | En portada: Para el uso de los Curas Párrocos y Directores de congregaciones y Exercicios Espirituales: y para provecho de quien quiera todos los días fixar sus pensamientos en alguna Verdad Eterna. |
| 500 ## - NOTA GENERAL | |
| Nota general | Con licencia en Madrid |
| 500 ## - NOTA GENERAL | |
| Nota general | Estado físico: presenta encuadernación en pergamino con cintas rotas |
| 505 0# - NOTA DE CONTENIDO CON FORMATO | |
| Nota de contenido con formato | Tomo XII. Mes de diciembre |
| 650 14 - PUNTO DE ACCESO ADICIONAL DE MATERIA--TÉRMINO DE MATERIA | |
| Término de materia o nombre geográfico como elemento de entrada | Vida cristiana |
| Subdivisión general | Autores católicos |
| Subdivisión cronológica | Obras anteriores a 1800 |
| 9 (RLIN) | 22290 |
| 700 1# - PUNTO DE ACCESO ADICIONAL--NOMBRE DE PERSONA | |
| Nombre de persona | Lopez, Simon |
| Término indicativo de función/relación | tr. |
| 9 (RLIN) | 7963 |
| 902 ## - CATALOGADOR | |
| Iniciales | CFM |
| 942 ## - ELEMENTOS DE PUNTO DE ACCESO ADICIONAL (KOHA) | |
| Fuente del sistema de clasificación o colocación | Library of Congress Classification |
| Tipo de ítem Koha | Libros |
| Estado de retiro | Estado de pérdida | Estado dañado | No para préstamo | Localización permanente | Ubicación/localización actual | Fecha de adquisición | Total de préstamos | Signatura topográfica completa | Código de barras | Fecha visto por última vez | Precio válido a partir de | Tipo de ítem Koha |
|---|---|---|---|---|---|---|---|---|---|---|---|---|
| El ejemplar forma parte de la colección y puede ser consultado según las políticas vigentes. | Biblioteca del Museo Franz Mayer (Rogerio Casas-Alatriste) | Biblioteca del Museo Franz Mayer (Rogerio Casas-Alatriste) | 10/07/2017 | LE16 .C35 1789 | CFM00390 | 22/03/2019 | 22/03/2019 | Libros |